书目信息 |
| 题名: |
广播原理
|
|
| 作者: | 孟伟 著 | |
| 分册: | ||
| 出版信息: | 北京 中国广播影视出版社 2018 |
|
| 页数: | 226页 | |
| 开本: | 24cm | |
| 丛书名: | ||
| 单 册: | ||
| 中图分类: | G22 | |
| 科图分类: | ||
| 主题词: | 广播--Guang Bo--传播媒介--研究 | |
| 电子资源: | ||
| ISBN: | 978-7-5043-8183-5 | |
| 000 | 01496nam0 2200277 450 | |
| 001 | 012001004131 | |
| 005 | 20131016130423.0 | |
| 010 | @a978-7-5043-8183-5@dCNY55.00 | |
| 099 | @aCAL 012019045792 | |
| 100 | @a20190412d2018 em y0chiy50 ea | |
| 101 | 0 | @achi |
| 102 | @aCN@b110000 | |
| 105 | @ay a 000yy | |
| 106 | @ar | |
| 200 | 1 | @a广播原理@AGuang Bo Yuan Li@e一种融媒体传播的视角@d= Radio studies@ein the age of media convergence@f孟伟等著@zeng |
| 210 | @a北京@c中国广播影视出版社@d2018 | |
| 215 | @a226页@d24cm | |
| 320 | @a有书目 (第215-224页) | |
| 330 | @a本书主要针对新的媒体环境下,媒介融合趋势渐趋深入,传统广播理论研究已经无法适应当前广播飞速发展的业界需求,和学界研究的新趋势,迫切需要针对广播理论研究领域的创新思维、创新趋势做出理论回应。本书是作者在《声音传播》《广播 传播学》《广播内容传播》三本著作的基础上,进一步对广播理论研究最新发展趋势的一项研究成果。本书针对广播理论中的声音符号原理,内容原理以及互动理念、运营理念等,以理论与实践结合的方式,总结规律,对当前和未来广播理论的新发展进行预测性的升华。全书分为六章:第一章广播声音符号原理;第二章广播内容传播原理;第三章广播互动原理;第四章广播用户;第五章广播运营原理;第六章广播媒体融合策略与原理。 | |
| 510 | 1 | @aRadio studies@ein the age of media convergence@zeng |
| 517 | 1 | @a一种融媒体传播的视角@Ayi zhong rong mei ti chuan bo de shi jiao |
| 606 | 0 | @a广播@AGuang Bo@x传播媒介@x研究 |
| 690 | @aG22@v5 | |
| 701 | 0 | @a孟伟@AMeng Wei@4著 |
| 801 | @b江苏凤凰@c20191020 | |
| 905 | @b1234863-4@dG22@e246@f2 | |
| 广播原理:一种融媒体传播的视角= Radio studies:in the age of media convergence/孟伟等著.-北京:中国广播影视出版社,2018 |
| 226页;24cm |
| ISBN 978-7-5043-8183-5:CNY55.00 |
| 本书主要针对新的媒体环境下,媒介融合趋势渐趋深入,传统广播理论研究已经无法适应当前广播飞速发展的业界需求,和学界研究的新趋势,迫切需要针对广播理论研究领域的创新思维、创新趋势做出理论回应。本书是作者在《声音传播》《广播 传播学》《广播内容传播》三本著作的基础上,进一步对广播理论研究最新发展趋势的一项研究成果。本书针对广播理论中的声音符号原理,内容原理以及互动理念、运营理念等,以理论与实践结合的方式,总结规律,对当前和未来广播理论的新发展进行预测性的升华。全书分为六章:第一章广播声音符号原理;第二章广播内容传播原理;第三章广播互动原理;第四章广播用户;第五章广播运营原理;第六章广播媒体融合策略与原理。 |
| ● |
| 相关链接 |
|
|
|
|
正题名:广播原理
索取号:G22/246
 
预约/预借
| 序号 | 登录号 | 条形码 | 馆藏地/架位号 | 状态 | 备注 |
| 1 | 1234863 | 212348636 | 第一样本阅览室/ [索取号:G22/246] | 在馆 | |
| 2 | 1234864 | 212348645 | 第四借阅区/ [索取号:G22/246] | 在馆 |